000 00752cab a22002055a 4500
001 L154528
008 111219e20111210xxk 000 0 eng d
035 _a(Sirsi) u154528
041 0 _aeng
100 1 _aKirby, Kelly-Louise
245 0 0 _aSlippery times
260 _c2011
490 _aEstates Gazette
_v(1149) 10 December 2011, 90-92(3)
520 _aAdvice for landlords in how to prepare for cold weather. Includes information on the responsibilities for common areas and suggestions for landlords looking to protect themselves from blame in the event of an accident in their property.
590 _aKA
651 4 _aUnited Kingdom
690 _aPROPERTY-LEASEHOLD PROPERTY-LANDLORD AND TENANT
700 1 _aBridgman, Helen
942 _n0
999 _c83649
_d83649